000 00515nam a22001937a 4500
003 OSt
005 20240626163327.0
008 240626b |||||||| |||| 00| 0 eng d
020 _a0304335991
040 _cMUST
082 _a371.2 DAL 1998
100 _aDalin, Per
_918125
245 _aSchool Development
_b: Theories and Strategies
260 _aNewyork
_b: Cassell
_c, C 1998
300 _axii,273p.
_b: ill
_c; 25 cm
504 _aincludes index
650 _aSchool development
_918126
942 _2ddc
_cO_SHELF
999 _c8956
_d8956